| 000 | 00679cam a2200229 a 4500 | ||
|---|---|---|---|
| 001 | 4491535 | ||
| 005 | 20171212095709.0 | ||
| 008 | 971016s1998 njua b 001 0 eng | ||
| 010 | _a 97044423 | ||
| 020 | _a0131350471 | ||
| 040 |
_aDLC _cDLC _dDLC |
||
| 041 | _aeng | ||
| 080 | _a33 | ||
| 082 | 0 | 0 | _221 |
| 100 | 1 | _a33 | |
| 101 | _ajkjkl | ||
| 245 | 1 | 0 |
_aSystems engineering and analysis / _cBenjamin S. Blanchard, Wolter J. Fabrycky. |
| 504 | _aIncludes bibliographical references and index. | ||
| 906 |
_a7 _bcbc _corignew _d1 _eocip _f19 _gy-gencatlg |
||
| 942 |
_2ddc _cBK |
||
| 999 |
_c38874 _d38874 |
||